书目信息 |
| 题名: |
辐射对健康的影响
|
|
| 作者: | 曹建平 , 朱巍 主编 | |
| 分册: | ||
| 出版信息: | 苏州 苏州大学出版社 2021.07 |
|
| 页数: | 109页 | |
| 开本: | 21cm | |
| 丛书名: | 辐射与健康科普丛书 | |
| 单 册: | ||
| 中图分类: | R14 | |
| 科图分类: | ||
| 主题词: | 辐射--fu she--影响--健康 | |
| 电子资源: | ||
| ISBN: | 978-7-5672-3372-0 | |
| 000 | 01132nam 2200301 450 | |
| 001 | CAL 0120217210675 | |
| 005 | 20210720123135.3 | |
| 010 | @a978-7-5672-3372-0@dCNY33.00 | |
| 100 | @a20210719d2021 em y0chiy0120 ea | |
| 101 | 0 | @achi |
| 102 | @aCN@b320000 | |
| 105 | @aa a 000yy | |
| 106 | @ar | |
| 200 | 1 | @a辐射对健康的影响@Afu she dui jian kang de ying xiang@f主编曹建平, 朱巍 |
| 210 | @a苏州@c苏州大学出版社@d2021.07 | |
| 215 | @a109页@c彩图@d21cm | |
| 225 | 2 | @a辐射与健康科普丛书@Afu she yu jian kang ke pu cong shu |
| 300 | @a2020年苏州市科普专项资金资助项目 | |
| 314 | @a曹建平, 教授, 放射医学与防护学院常务副院长。朱巍, 博士, 副教授, 硕士生导师。 | |
| 320 | @a有书目 (第109页) | |
| 330 | @a本书从科学的角度回答人们关于辐射对健康的影响的有关问题。内容包括: 电离辐射的生物效应基础 ; 电离辐射对人体组织的影响 ; 电离辐射的遗传效应 ; 肿瘤放射治疗基础。 | |
| 410 | 0 | @12001 @a辐射与健康科普丛书 |
| 606 | 0 | @a辐射@Afu she@x影响@x健康 |
| 690 | @aR14@v5 | |
| 701 | 0 | @a曹建平@Acao jian ping@4主编 |
| 701 | 0 | @a朱巍@Azhu wei@4主编 |
| 801 | 0 | @aCN@b人天书店@c20210719 |
| 905 | @aTSG@b0000119@dR14@eC124@f2 | |
| 辐射对健康的影响/主编曹建平, 朱巍.-苏州:苏州大学出版社,2021.07 |
| 109页:彩图;21cm.-(辐射与健康科普丛书) |
| 2020年苏州市科普专项资金资助项目 |
| ISBN 978-7-5672-3372-0:CNY33.00 |
| 本书从科学的角度回答人们关于辐射对健康的影响的有关问题。内容包括: 电离辐射的生物效应基础 ; 电离辐射对人体组织的影响 ; 电离辐射的遗传效应 ; 肿瘤放射治疗基础。 |
| ● |
| 相关链接 |
|
|
|
正题名:辐射对健康的影响
索取号:R14/C124
 
预约/预借
| 序号 | 登录号 | 条形码 | 馆藏地/架位号 | 状态 | 备注 |
| 1 | 1536253 | 215362532 | 自科库401/401自科库 103排6列2层/ [索取号:R14/C124] | 在馆 | |
| 2 | 1536254 | 215362541 | 自科库401/401自科库 103排6列2层/ [索取号:R14/C124] | 在馆 |